| 000 | 00781nam a2200241 a 4500 | ||
|---|---|---|---|
| 001 | BRL_241 | ||
| 005 | 20190320210642.0 | ||
| 008 | 010713s1995----u--a######---#000-0#eng-# | ||
| 020 | _a0937274852 | ||
| 041 | _aeng | ||
| 044 | _au | ||
| 050 | 4 |
_aNK9112.Q5 _b.Q55 1995 |
|
| 245 | 1 | 0 |
_aQuilt National _bContemporary Designs in Fabric. |
| 260 |
_aAsheville, N.C., USA _bLark Books _c1995 |
||
| 300 |
_a112 p. _bil. _c29 cm. |
||
| 500 | _aCoproduced by Lark Books and The Dairy Barn Southeastern Cultural Arts Center | ||
| 500 | _aAu309 | ||
| 610 | 2 | 4 |
_aQuilt National _y1995 _zAthens, Ohio _923333 |
| 650 | 1 | 4 |
_aArt quilts _vExposiciones _xHistoria _ySiglo XX _zEstados Unidos _923334 |
| 650 | 1 | 4 |
_aArt quilts _vExposiciones _xHistoria _ySiglo XX _923335 |
| 902 | _aGRL | ||
| 942 |
_2lcc _cB |
||
| 999 |
_c9054 _d9054 |
||